000 00677nam a22002177i 4500
001 119
003 OSt
005 20170825133349.0
007 tu
008 161220s1991 xxu|||||||||||00||0|eng|d
024 7 _a118
_2RID
040 _cOSt
084 _a11.331
_a11.350
_2z
245 0 0 _aInternational Capital Markets
_bDevelopments and Prospects
260 _aWashington,
_c1991.
300 _a136 S. ;
_c30cm.
490 _aWorld Economic and Financial Surveys
710 2 _aInternational Monetary Fund (IMF)
_eEd.
942 _cB
999 _c118
_d118